000 00496nam a2200133Ia 4500
008 220216s9999 xx 000 0 und d
100 _aMeeker Tom
245 0 _aPerformance additives for rubber processing and adhesives and sealants
260 _bProceedings of the National Conference and Exposition on Rubber and Allied Materials. India Rub Tech Expo 2004. 13-14 February, 2004, Mysore.pp.315-321.
650 _aAdditives
650 _aAdhesives
650 _aRubber processing
942 _cJS
999 _c64682
_d64682